Les Mangas les plus vendus au monde - Statistiques

Statistiques générales
  • Ce quiz a été pris 122 fois
  • Le résultat moyen est 8 sur 23
Statistiques - réponses
Ventes approximatives (en millions) Réponse % Correct
516 One Piece
98%
250 Naruto
97%
300 Dragon Ball
91%
130 Bleach
78%
150 Demon Slayer
72%
100 Jujutsu Kaisen
59%
140 L'Attaque des Titans
57%
100 My Hero Academia
57%
270 Détective Conan
43%
185 Slam Dunk
23%
110 Kingdom
21%
300 Doraemon
17%
120 JoJo's Bizarre Adventure
17%
100 Ippo
16%
300 Golgo 13
15%
100 Baki
13%
100 Ken le Survivant
7%
156 KochiKame
4%
100 Astro, le petit robot
3%
100 Touch
2%
148 Crayon Shin-chan
1%
100 Les Enquêtes de Kindaichi
1%
130 Oishinbo
1%
Aucun quiz correspondant
Distribution des résultats
% des personnes avec chaque résultat
Percentile par nombre de réponses
Votre historique - résultats
Vous n’avez pas pris ce quiz